Herramientas de aplicación práctica para el control de calidad de obras viales municipales

Na minha lista:
Detalhes bibliográficos
Autor principal: Navarro Hidalgo, Yahaira, 1979-
Outros Autores: Elizondo Arrieta, Fabián, 1976- Director del TFG
Formato: Livro
Publicado em: [San José], Costa Rica 2010
Assuntos:
Tags: Adicionar Tag
Sem tags, seja o primeiro a adicionar uma tag!

MARC

LEADER 00000nam a2200000Ia 4500
003 010494
005 20240405154725.0
008 140114s2010 cr a 000 ||s d
040 |c cru CEDI  
090 |a TFG 6075 
100 |a Navarro Hidalgo, Yahaira, 1979-  |9 2914 
245 |a  Herramientas de aplicación práctica para el control de calidad de obras viales municipales  
260 |a  [San José], Costa Rica  |c 2010 
500 |a Proyecto de graduación (licenciatura en ingeniería civil)--Universidad de Costa Rica. Facultad de Ingeniería. Escuela de Ingeniería Civil 
501 |a Director de Proyecto de Graduación: Ing. MBA. Fabian Elizondo Arrieta 
650 |x CARRETERAS  |x TRANSPORTE - MANTENIMIENTO Y REPARACION  |x  CONTROL DE CALIDA  |x PAVIMENTOS DE ASFALTO   |x  INSPECCION   |x  OBRAS PUBLICAS  |x GESTION MUNICIPAL  |x  MATERIALES DE CONSTRUCCION   |x  ADMINISTRACION   |9 3279 
700 |a Elizondo Arrieta, Fabián, 1976-  |d Director del TFG  |9 482 
942 |c TFG  |h TFG 6075  |i 010494  |6 TFG_6075_010494000000000 
999 |c 16140  |d 16140